World: Continents - Statistics

General Stats
  • This quiz has been taken 24 times
  • The average score is 3 of 7
Answer Stats
5 Countries Continent % Correct
EgyptSouth Africa Nigeria Tanzania Kenya Africa
100%
ChinaIndia Japan Indonesia Saudi Arabia Asia
71%
N/A Antarctica
47%
AustraliaNew Zealand Papua New Guinea Fiji Solomon Islands Australia
47%
FranceUnited Kingdom Russia Germany Italy Europe
35%
United StatesCanada Mexico Cuba Guatemala North America
24%
BrazilArgentina Colombia Peru Chile South America
12%
No matching quizzes found
Score Distribution
Percent of People with Each Score
Percentile by Number Answered
Your Score History
You have not taken this quiz